00551 2200205 4500001002100000005001500021008004100036020002200077035001900099041000700118082001300125090001900138100002100157700002400178245005100202260003600253300002900289500001100318650001600329INLIS00000000000233020241224112522241224||||||||| | ||| |||| || |  a978-979-15135-4-8 0010-1224002330 aid0 a610.7301 a610.7301 SAN p0 aSantun Setiawati0 aAgus Citra Dermawan00aPanduan Praktis : Pengkajian Fisik Keperawatan aJakartabTrans Info Mediac2008 a124 hlm. : ilus. ; 21 cm aCet. 3 0aKeperawatan